|
|
|
|
| LEADER |
00000nam0a2200000 4500 |
| 001 |
153914 |
| 005 |
20231101221727.0 |
| 010 |
|
|
|a 5982983969
|
| 035 |
|
|
|a (RuTPU)RU\TPU\book\166962
|
| 090 |
|
|
|a 153914
|
| 100 |
|
|
|a 20090219d2008 km y0rusy50 ca
|
| 101 |
0 |
|
|a rus
|
| 102 |
|
|
|a RU
|
| 105 |
|
|
|a a z 001zy
|
| 200 |
1 |
|
|a Закономерности строения элементов и конечность периодической системы Д. И. Менделеева
|e монография
|f А. В. Градобоев, В. С. Матвеев
|g Томский политехнический университет (ТПУ)
|
| 210 |
|
|
|a Томск
|c Изд-во ТПУ
|d 2008
|
| 215 |
|
|
|a 183 с.
|c ил.
|
| 320 |
|
|
|a Список литературы: с. 160-161.
|
| 330 |
|
|
|a В монографии представлены результаты анализа изменения различных характеристик атомов элементов в зависимости от их положения в Периодической системе. Все элементы разделены на два семейства (s и р), группы и подгруппы по типам заполняемых электронных орбиталей. Анализ изменения энергии связи нуклонов ядра, орбитального радиуса атомов и первой энергии ионизации позволяет предположить конечность Периодической системы и оценить предельные порядковые номера для каждой из подгрупп элементов. Предложена структура Периодической системы, которая содержит 172 элемента, 7 классов и 12 периодов. Предназначена для научных работников, преподавателей, аспирантов и студентов, изучающих атомную и ядерную физику и закономерности строения элементов вещества.
|
| 606 |
1 |
|
|a Химические вещества
|x Строение
|2 stltpush
|3 (RuTPU)RU\TPU\subj\17211
|9 42994
|
| 606 |
1 |
|
|a Периодическая система элементов
|2 stltpush
|3 (RuTPU)RU\TPU\subj\72133
|9 85718
|
| 610 |
1 |
|
|a атомы
|
| 610 |
1 |
|
|a ядра
|
| 610 |
1 |
|
|a электронная структура
|
| 610 |
1 |
|
|a нуклоны
|
| 610 |
1 |
|
|a строение
|
| 610 |
1 |
|
|a вещество
|
| 675 |
|
|
|a 544.1
|v 3
|
| 675 |
|
|
|a 546-123-048.4
|v 3
|
| 700 |
|
1 |
|a Градобоев
|b А. В.
|c физик
|c профессор Юргинского технологического института (филиала) Томского политехнического университета, доктор технических наук
|f 1952-
|g Александр Васильевич
|2 stltpush
|3 (RuTPU)RU\TPU\pers\24213
|9 10707
|
| 701 |
|
1 |
|a Матвеев
|b В. С.
|c специалист в области машиностроения
|c доцент Юргинского технологического института (филиала) Томского политехнического университета
|f 1941-
|g Валерий Семенович
|2 stltpush
|3 (RuTPU)RU\TPU\pers\24233
|9 10719
|
| 712 |
0 |
2 |
|a Томский политехнический университет (ТПУ)
|c (1991- )
|2 stltpush
|3 (RuTPU)RU\TPU\col\376
|
| 801 |
|
1 |
|a RU
|b 63413507
|c 20090219
|g PSBO
|
| 801 |
|
2 |
|a RU
|b 63413507
|c 20160809
|g PSBO
|
| 942 |
|
|
|c BK
|